000 00598nam a2200205Ia 4500
003 GCL
008 140319s9999 xx 000 0 ara d
040 _aGCL /
_cGCL
082 0 4 _a398.23
_bك ق
100 1 _aكورتل, ارثر
245 1 0 _aقاموس اساطير العالم /
_cكورتل, ارثر
700 1 _aسهى الطريحى
300 _a253 ص
490 _aالهيئة العامة للاستعلامات
_v0
650 0 4 _aالادب الشعبى
650 0 4 _aالاجتماع
650 0 4 _aالاساطير
650 0 4 _aاساطير العالم
942 _2ddc
_cBK
999 _c48403
_d48403